LIBRARY & INFORMATION CENTRE, KCAET, TAVANUR

ONLINE PUBLIC ACCESS CATALOGUE (OPAC)

Maanushodayam / (Record no. 4727)

MARC details
000 -LEADER
fixed length control field 00533cam a2200193ua 4500
041 ## - LANGUAGE CODE
Language code of text/sound track or separate title mal
082 ## - DEWEY DECIMAL CLASSIFICATION NUMBER
Classification number 500
Item number BAL/MA
100 ## - MAIN ENTRY--AUTHOR NAME
Personal name Balakrishna Pillai, P .
245 ## - TITLE STATEMENT
Title Maanushodayam /
260 ## - PUBLICATION, DISTRIBUTION, ETC. (IMPRINT)
Place of publication Thiruvananthapuram :
Name of publisher University of Travancore ,
Year of publication 1961.
300 ## - PHYSICAL DESCRIPTION
Number of Pages 178 ; .
490 0# - SERIES STATEMENT
Series statement Travancore university series,
Volume number/sequential designation 3
942 ## - ADDED ENTRY ELEMENTS (KOHA)
Koha item type Books
Holdings
Withdrawn status Lost status Damaged status Home library Current library Date acquired Full call number Accession Number Koha item type Public note
Withdrawn     KAUAET KAUAET 07/04/2012 500 9357 Books Deleted
free website counter